Loading...
History - American History | 1 | 5 | 0 | 0 | 65 | 58 | 82.33 | 5 | 6 |
History - European History | 1 | 5 | 0 | 0 | 65 | 69 | 90.50 | 5 | 6 |
History - World History | 1 | 4 | 2 | 0 | 45 | 22 | 70.20 | 5 | 5 |
Religion | 0 | 4 | 0 | 1 | 40 | 94 | 122.50 | 1 | 4 |
Literature - World Literature | 1 | 2 | 0 | 0 | 35 | 43 | 95.00 | 2 | 3 |
Philosophy | 0 | 4 | 1 | 0 | 35 | 86 | 114.00 | 3 | 4 |
Social Science | 0 | 3 | 0 | 0 | 30 | 114 | 115.00 | 2 | 3 |
Literature - British Literature | 0 | 2 | 0 | 0 | 20 | 138 | 139.50 | 1 | 2 |
Fine Arts - Other Fine Arts | 0 | 2 | 1 | 0 | 15 | 91 | 105.50 | 1 | 2 |
Literature - American Literature | 0 | 1 | 0 | 0 | 10 | 114 | 114.00 | 1 | 1 |
Mythology | 0 | 1 | 0 | 0 | 10 | 116 | 116.00 | 0 | 1 |
Current Events | 0 | 1 | 0 | 0 | 10 | 95 | 95.00 | 1 | 1 |
Pop Culture | 0 | 1 | 0 | 0 | 10 | 83 | 83.00 | 1 | 1 |
Fine Arts - Auditory Fine Arts | 0 | 1 | 0 | 0 | 10 | 151 | 151.00 | 1 | 1 |
History - Other History | 0 | 1 | 1 | 0 | 5 | 103 | 103.00 | 1 | 1 |
Other Academic | 0 | 0 | 1 | 0 | -5 | 0.00 | 0 | 0 |